000 00773nas a2200241 4500
001 BR0803632
003 BR-BrBNA
005 20231205112318.0
007 ta
008 230509b bl.|||p| |||| 00| 00por d
040 _aBR-BrBNA
_bpor
_cBiblioteca Nacional de Agricultura
041 _a(Pt)
072 _aH10
100 1 _aGarcia, A.M.
245 1 _aSobrevivência e manutenção da atividade nematofágica do fungo Arthrobotrys musiformis submetido à liofilização
650 _aNEMATÓIDE
650 _aFUNGO
650 _aCONTROLE BIOLÓGICO
650 _aLIOFILIZAÇÃO
773 0 _tCiência e Agrotecnologia (Brazil)
_xISSN 1413-7054
_g(Jul-Aug 2007), v. 31(4) p. 1203-1206
_wBR0803632
909 _a202311
_bLúcia
_c55
_dLúcia Elande
942 _2AGRIS
_n0
_cANA
999 _c197353
_d197353